| 000 | 00976cam a22002895a 4500 | ||
|---|---|---|---|
| 001 | ocn801415536 | ||
| 003 | OSt | ||
| 005 | 20161225132415.0 | ||
| 008 | 120723t2011 ko a fr 000 0 mul d | ||
| 020 | _a9788957412077 | ||
| 035 | _a(OCoLC)ocn801415536 | ||
| 035 | _a(OCoLC)801415536 | ||
| 040 |
_aUOH _beng _cUOH _dGZQ _dOCLCO _dIUD _dEG-ScBUE |
||
| 041 | 0 |
_aeng _ager _ajpn _akor _heng _hkor |
|
| 082 | 0 | 4 |
_a617.695 _bKOH _222 |
| 100 | 1 |
_aKoh, Yeojoon. _939532 |
|
| 245 | 1 | 0 |
_aWorld of anterior ceramic restorations / _cYeojoon Koh. |
| 250 | _a1st ed. | ||
| 260 |
_aSeoul : _bDaehanNarae Pub., _cc.2011. |
||
| 300 |
_a213 p. : _bill. (col.) ; _c21 cm.. |
||
| 546 | _aText in English and Korean with translations into German and Japanese ; foreword in French and Korean ; pref. in English and Korean. | ||
| 650 | 7 |
_aDental ceramic metals. _2BUEsh _939534 |
|
| 651 | _2BUEsh | ||
| 653 |
_bDDent _cMarch2016 |
||
| 650 | 7 |
_939533 _aDental ceramics _2BUEsh |
|
| 942 | _2ddc | ||
| 999 |
_c21389 _d21361 |
||